000
00294nam a2200121 a 4500
005
20141022142004.0
008
100826s19uu xx 00 eng d
050
_a
VCD
_b
V17 2003
245
_a
Vaginal breech delivery.
650
_a
VCD NUR
650
_a
VAGINAL BREECH DELIVERY
942
_c
AVM
999
_c
276414
_d
276414